La muerte y la doncella
Durante el periodo dictatorial de un país sudamericano, Paulina Escobar fue torturada por sus captores. A pesar de las torturas no delató nunca a su entonces novio, Gerardo Escobar, que participaba activamente en la oposición al régimen como editor de un diario clandestino. Más tarde contrajeron mat...
Guardado en:
| Autor Principal: | |
|---|---|
| Autor Corporativo: | |
| Otros Autores: | , , , , , |
| Formato: | |
| Idioma: | Undetermined |
| Publicado: |
Reino Unido :
Fine Line Features,
1994.
|
| Materias: | |
| Etiquetas: |
Agregar Etiqueta
Sin Etiquetas, Sea el primero en etiquetar este registro!
|
| LEADER | 01738ngm a22002775a 4500 | ||
|---|---|---|---|
| 001 | CEM.cems020500 | ||
| 008 | 230927s1994####xx#---############vlund#d | ||
| 005 | 20230927203436.0 | ||
| 245 | 1 | 0 | |a La muerte y la doncella |h [videograbación] / |c Roman Polanski. |
| 260 | |a Reino Unido : |b Fine Line Features, |c 1994. | ||
| 300 | |a 99'. | ||
| 520 | |a Durante el periodo dictatorial de un país sudamericano, Paulina Escobar fue torturada por sus captores. A pesar de las torturas no delató nunca a su entonces novio, Gerardo Escobar, que participaba activamente en la oposición al régimen como editor de un diario clandestino. Más tarde contrajeron matrimonio y se asentaron en la costa. Un día, Gerardo tiene problemas con uno de los neumáticos de su automóvil y un desconocido lo lleva a su casa. Una vez allí, Paulina reconoce la voz del hombre como la de su torturador. Confiando en su oído, porque en las torturas llevaba los ojos vendados, y en evidencias descubiertas en el momento, logra hacerle confesar y al mismo tiempo convencer a su incrédulo esposo. | ||
| 590 | |a Identificación anterior: 189 | ||
| 538 | |a Soporte: DVD -- Formato: AVI Peso: 558mb -- Resolución: 512x288 -- 25 fps | ||
| 500 | |a Título original: Death and the Maiden Idioma:Inglés Subtítulos: Español. | ||
| 100 | 1 | |a Polanski, Roman. | |
| 700 | 1 | |a Yglesias, Rafael; Guion. | |
| 700 | 1 | |a Dorfman, Ariel; Dramaturgo. | |
| 700 | 1 | |a Canonero, Milena; Vestuario. | |
| 700 | 1 | |a Weaver, Sigourney; Reparto. | |
| 700 | 1 | |a Kingsley, Ben; Reparto. | |
| 700 | 1 | |a Wilson, Stuart; Reparto. | |
| 710 | 2 | |a Capitol Films. | |
| 653 | |a LARGOMETRAJE | ||
| 653 | |a FICCIÓN | ||
| 859 | |a CEMS |b BIB. CEMS - Depto. Recursos Didacticos |h 778.5 |i POL-2 |k DRD |p 3134.23 |t Ej.1 | ||
